Journal of economics and allied fields (J.E.A.F) (Record no. 38388)

MARC details
000 -LEADER
fixed length control field 00625nam a2200169Ia 4500
022 ## - INTERNATIONAL STANDARD SERIAL NUMBER
ISSN 9783366645
050 ## - CALL MARK
Classification number HC 1055 .A1 J683/
245 #0 - TITLE STATEMENT
Title Journal of economics and allied fields (J.E.A.F)
260 ## - PUBLICATION, DISTRIBUTION, ETC. (IMPRINT)
Place of publication Kaduna
260 ## - PUBLICATION, DISTRIBUTION, ETC. (IMPRINT)
Name of publisher Department of Economics, University of Abuja.
260 ## - PUBLICATION, DISTRIBUTION, ETC. (IMPRINT)
Year of publication 2000
300 ## - PHYSICAL DESCRIPTION
Number of Pages iii. 145 p. : ill.; 25 cm.
650 ## - SUBJECT ADDED ENTRY--TOPICAL TERM
Topical Term Economic history. Economic policy. Social conditions Nigeria--Economic conditions--Periodicals. Nigeria--Economic policy--Periodicals. Nigeria--Social conditions--Periodicals.
942 ## - ADDED ENTRY ELEMENTS (KOHA)
Koha item type Serials

No items available.